Leyes electorales para Diputados a Cortes y Senadores en 1901 / (Record no. 103873)

MARC details
000 -LEADER
campo de control de longitud fija 00709nam a2200205 i 4500
001 - NÚMERO DE CONTROL
campo de control 103873
003 - IDENTIFICADOR DE NÚMERO DE CONTROL
campo de control ES-MaACL
005 - FECHA Y HORA DE LA ÚLTIMA TRANSACCIÓN
campo de control 20250827062617.0
007 - CAMPO FIJO DE DESCRIPCIÓN FÍSICA--INFORMACIÓN GENERAL
campo de control de longitud fija t|
008 - DATOS DE LONGITUD FIJA--INFORMACIÓN GENERAL
campo de control de longitud fija 051121s1901 sp ||||1| spa d
110 1# - ENTRADA PRINCIPAL--NOMBRE DE ENTIDAD CORPORATIVA
Nombre de entidad corporativa o nombre de jurisdicción como elemento de entrada España
9 (RLIN) 3622
240 10 - TÍTULO UNIFORME
Título uniforme Leyes, etc., electorales
245 10 - MENCIÓN DEL TÍTULO
Título Leyes electorales para Diputados a Cortes y Senadores en 1901 /
Mención de responsabilidad, etc. por D. Manuel Gutiérrez y Jiménez; con un prólogo del Exmo. Sr. D. Trinitario R. Capdepón.
260 ## - PUBLICACIÓN, DISTRIBUCIÓN, ETC.
Lugar de publicación, distribución, etc. Madrid :
Nombre del editor, distribuidor, etc. [s.n.],
Fecha de publicación, distribución, etc. 1901.
300 ## - DESCRIPCIÓN FÍSICA
Extensión 316 p. ;
Dimensiones 15 cm.
700 1# - ENTRADA AGREGADA--NOMBRE PERSONAL
Nombre de persona Gutiérrez y Jiménez, Manuel.
9 (RLIN) 61239
700 1# - ENTRADA AGREGADA--NOMBRE PERSONAL
Nombre de persona Ruiz Capdepón, Trinitario.
9 (RLIN) 100688
852 ## - LOCALIZACIÓN
Ubicación ES-MaACL
Número de control de estantería G-2928
Holdings
Estatus retirado Estado de pérdida Estado de daño No para préstamo Biblioteca de origen Biblioteca actual Ubicación en estantería Fecha de adquisición Fuente de adquisición Total de préstamos Signatura topográfica completa Código de barras Visto por última vez Precio de reemplazo Tipo de ítem Koha
        Biblioteca del Ateneo de Madrid Biblioteca del Ateneo de Madrid Depósito 2 17/01/2008     G-2928 1108448 23/02/2023 23/02/2023 Libro impreso antiguo